| 000 | 00493cam a22002054a 4500 | ||
|---|---|---|---|
| 005 | 20250605164318.0 | ||
| 008 | 250528s ||||||||||||||||||||||||d | ||
| 035 | _a22793 | ||
| 020 | _a9780750622417 | ||
| 040 |
_aGR-AtMCL _bgre _dGR-AtMCL _eAACR2 |
||
| 245 | 1 | _aINTERNATIONAL MARKETING | |
| 250 | _a3 | ||
| 260 |
_bButterworths, _c1998 |
||
| 300 | _a509 | ||
| 700 | 1 |
_aPaliwoda Stanley _91753 |
|
| 700 | 1 |
_aThomas M. Jessel _98474 |
|
| 942 | _cBK | ||
| 999 |
_c7838 _d7838 |
||